| 000 | 00776nam a2200241 i 4500 | ||
|---|---|---|---|
| 001 | 000027681 | ||
| 003 | DO-SdBNP | ||
| 005 | 20230912110522.0 | ||
| 007 | ta | ||
| 008 | 110404s1989 dr r 000 0 spa d | ||
| 040 |
_aDO-SdBNP _bspa _cBNPHU _erda |
||
| 082 | 4 |
_bB142d _222 |
|
| 100 | 1 |
_aBáez, Clara, _99467 _eautora |
|
| 245 | 1 | 0 |
_aDirectorio de organismos gubernamentales y no gubernamentales que trabajan con mujeres / _cClara Báez. |
| 264 |
_aSanto Domingo : _bDirección General de la Promoción de la Mujer (UNICEF), _c1989. |
||
| 300 |
_a164 páginas ; _c21 cm. |
||
| 336 |
_2rdacontent _atexto _btxt |
||
| 337 |
_2rdamedia _asin mediación _bnc |
||
| 338 |
_2rdacarrier _avolumen _bn |
||
| 590 | _aInventariado, 2019/BT | ||
| 910 | _aBtavárez | ||
| 942 |
_2ddc _cLBS1 |
||
| 999 |
_c27173 _d27173 |
||